Statistiken für Alle Top 10 FIFA Spieler seit 2010

Klicken Sie hier um das Quiz zu spielen!

Allgemein

  • Dieses Quiz wurde 377 mal gespielt
  • Das Durchschnittsergebnis liegt bei 130 aus 150

Antwortstatistiken

BewertungNationlitätVereinSpieler% Korrekt
93PortugalJuventusCristiano Ronaldo
100%
89PortugalReal MadridCristiano Ronaldo
100%
92PortugalReal MadridCristiano Ronaldo
100%
92PortugalJuventusCristiano Ronaldo
100%
92PortugalReal MadridCristiano Ronaldo
100%
92PortugalReal MadridCristiano Ronaldo
100%
94PortugalJuventusCristiano Ronaldo
100%
91PortugalManchester UnitedCristiano Ronaldo
100%
93PortugalReal MadridCristiano Ronaldo
100%
94PortugalReal MadridCristiano Ronaldo
100%
92PortugalReal MadridCristiano Ronaldo
100%
94PortugalReal MadridCristiano Ronaldo
100%
89PortugalReal MadridCristiano Ronaldo
100%
90ArgentinienFC BarcelonaLionel Messi
100%
94ArgentinienFC BarcelonaLionel Messi
100%
94ArgentinienFC BarcelonaLionel Messi
100%
93ArgentinienParis Saint GermainLionel Messi
100%
93ArgentinienFC BarcelonaLionel Messi
100%
90ArgentinienInter MiamiLionel Messi
100%
94ArgentinienFC BarcelonaLionel Messi
100%
93ArgentinienFC BarcelonaLionel Messi
100%
94ArgentinienFC BarcelonaLionel Messi
100%
92ArgentinienParis Saint GermainLionel Messi
100%
90ArgentinienFC BarcelonaLionel Messi
100%
94ArgentinienFC BarcelonaLionel Messi
100%
91ArgentinienParis Saint GermainLionel Messi
100%
94ArgentinienFC BarcelonaLionel Messi
100%
94ArgentinienFC BarcelonaLionel Messi
100%
89BrasilienAl HilalNeymar Jr.
98%
92BrasilienParis Saint GermainNeymar jr.
98%
90BrasilienFC BarcelonaNeymar jr.
98%
90BrasilienParis Saint GermainNeymar jr.
98%
92BrasilienFC BarcelonaNeymar jr.
98%
92BrasilienParis Saint GermainNeymar jr.
98%
92BrasilienParis Saint GermainNeymar jr.
98%
91BrasilienParis Saint GermainNeymar jr.
98%
90DeutschFC Bayern MünchenManuel Neuer
95%
92DeutschFC Bayern MünchenManuel Neuer
95%
86DeutschSchalke 04Manuel Neuer
95%
92DeutschFC Bayern MünchenManuel Neuer
95%
90DeutschFC Bayern MünchenManuel Neuer
95%
89PolenFC Bayern MünchenRobert Lewandowski
95%
91PolenFC Bayern MünchenRobert Lewandowski
95%
92PolenFC Bayern MünchenRobert Lewandowski
95%
90PolenFC Bayern MünchenRobert Lewandowski
95%
92PolenFC Bayern MünchenRobert Lewandowski
95%
90PolenFC BarcelonaRobert Lewandowski
95%
91PolenFC BarcelonaRobert Lewandowski
95%
91PolenFC Bayern MünchenRobert Lewandowski
95%
90EnglandFC Bayern MünchenHarry Kane
94%
90EnglandTottenhamHarry Kane
94%
91BelgienManchester CityKevin De Bruyne
93%
91BelgienManchester CityKevin De Bruyne
93%
91BelgienManchester CityKevin De Bruyne
93%
91BelgienManchester CityKevin De Bruyne
93%
91BrasilienManchester CityKevin De Bruyne
93%
91BelgienManchester CityKevin De Bruyne
93%
91BelgienManchester CityKevin De Bruyne
93%
91FrankreichParis Saint GermainKylian Mbappé
93%
90FrankreichParis Saint GermainKylian Mbappé
93%
91FrankreichParis Saint GermainKylian Mbappé
93%
91FrankreichParis Saint GermainKylian Mbappé
93%
88SchwedenFC BarcelonaZlatan Ibrahimović
93%
90SchwedenParis Saint GermainZlatan Ibrahimović
93%
90SchwedenManchester UnitedZlatan Ibrahimović
93%
89SchwedenParis Saint GermainZlatan Ibrahimović
93%
89SchwedenParis Saint GermainZlatan Ibrahimović
93%
89SchwedenParis Saint GermainZlatan Ibrahimović
93%
91NorwegenManchester CityErling Haaland
92%
90NorwegenManchester CityErling Haaland
92%
90ÄgyptenLiverpoolMohamed Salah
92%
90ÄgyptenLiverpoolMohamed Salah
92%
91ÄgyptenLiverpoolMohamed Salah
92%
89ÄgyptenLiverpoolMohamed Salah
92%
89ÄgyptenLiverpoolMohamed Salah
92%
91UruguayFC BarcelonaLuis Suárez
91%
90UruguayFC BarcelonaLuis Suárez
91%
89UruguayLiverpoolLuis Suárez
91%
89UruguayFC BarcelonaLuis Suárez
91%
92UruguayFC BarcelonaLuis Suárez
91%
92UruguayFC BarcelonaLuis Suárez
91%
89NiederlandeFC Bayern MünchenArjen Robben
90%
90NiederlandeFC Bayern MünchenArjen Robben
90%
89NiederlandeFC Bayern MünchenArjen Robben
90%
87NiederlandeFC Bayern MünchenArjen Robben
90%
88FrankreichFC Bayern MünchenFranck Ribéry
90%
90FrankreichFC Bayern MünchenFranck Ribéry
90%
89FrankreichFC Bayern MünchenFranck Ribéry
90%
89FrankreichFC Bayern MünchenFranck Ribéry
90%
90FrankreichAl-IttihadKarim Benzema
90%
91FrankreichReal MadridKarim Benzema
90%
91FrankreichReal MadridKarim Benzema
90%
89DeutschFC Bayern MünchenJoshua Kimmich
88%
91KroatienReal MadridLuka Modrić
88%
90DeutschReal MadridToni Kroos
88%
90WalesReal MadridGareth Bale
87%
89SpanienFC BarcelonaIniesta
87%
87SpanienFC BarcelonaIniesta
87%
90SpanienFC BarcelonaIniesta
87%
90SpanienFC BarcelonaIniesta
87%
89SpanienFC BarcelonaIniesta
87%
90DeutschFC BarcelonaTer Stegen
87%
90NiederlandeLiverpoolVirgil Van Dijk
87%
91NiederlandeLiverpoolVirgil Van Dijk
87%
90NiederlandeLiverpoolVirgil Van Dijk
87%
88BelgienChelseaEden Hazard
85%
88BelgienChelseaEden Hazard
85%
91BelgienChelseaEden Hazard
85%
91BelgienReal MadridEden Hazard
85%
91BelgienChelseaEden Hazard
85%
88BelgienChelseaEden Hazard
85%
90BelgienReal MadridThibaut Courtois
83%
90BelgienReal MadridThibaut Courtois
83%
89BelgienChelseaThibaut Courtois
83%
91SlowenienAtlético MadridJan Oblak
82%
91SlowenienAtlético MadridJan Oblak
82%
91SlowenienAtlético MadridJan Oblak
82%
88DeutschArsenalMesut Özil
79%
90BrasilienLiverpoolAlisson
78%
89BrasilienLiverpoolAlisson
78%
90SpanienManchester UnitedDavid De Gea
77%
90SpanienManchester UnitedDavid De Gea
77%
91SpanienManchester UnitedDavid De Gea
77%
90FrankreichChelseaN'Golo Kanté
77%
88DeutschFC Bayern MünchenBastian Schweinsteiger
70%
90KolumbienAtlético MadridFalcao
69%
89KolumbienMonacoFalcao
69%
90SpanienFC BarcelonaXavi Hernández
69%
91SpanienFC BarcelonaXavi Hernández
69%
87SpanienFC BarcelonaXavi Hernández
69%
90SpanienReal MadridIker Casillas
68%
88SpanienReal MadridIker Casillas
68%
88SpanienReal MadridIker Casillas
68%
89SpanienReal MadridIker Casillas
68%
89NiederlandeManchester UnitedRobin van Persie
68%
89NiederlandeManchester UnitedRobin van Persie
68%
88SerbienManchester UnitedNemanja Vidić
67%
89SerbienManchester UnitedNemanja Vidić
67%
87SerbienManchester UnitedNemanja Vidić
67%
88BrasilienParis Saint GermainThiago Silva
67%
88SpanienManchester CityDavid Silva
65%
88SpanienFC BarcelonaDavid Villa
63%
88SpanienValenciaDavid Villa
63%
88SpanienLiverpoolFernando Torres
63%
87EnglandManchester UnitedWayne Rooney
51%
89EnglandManchester UnitedWayne Rooney
51%
89SpanienFC BarcelonaCesc Fàbregas
48%
88SpanienArsenalFrancesc Fàbregas
47%
89BrasilienInter MailandJúlio César
34%
89EnglandManchester UnitedWayne Rooyne
1%

Verteilung der Resultate

Perzentil nach korrekt beantworteten Fragen

Anzahl Personen mit jedem Resultat

Ihre Resultats-Entwicklung

Sie haben dieses Quiz noch nicht gespielt